| 000 | 00434cam a2200169ua 4500 | ||
|---|---|---|---|
| 020 | _c3.50 | ||
| 041 |
_amal _h |
||
| 082 |
_a894.8122 _bGOR/GO |
||
| 100 | _aGorki, . | ||
| 245 |
_aGorkiyude Natakangal, part 2 / _cGorki. _hTextual Documents |
||
| 260 |
_aKottayam : _bPrabhatham printing and publishing co. pvt. ltd. , _c1963. |
||
| 300 | _a464 ; . | ||
| 365 | _a3.50 | ||
| 504 | _a | ||
| 942 | _cBK | ||
| 999 |
_c1259 _d1259 |
||